|
|
|
|
| LEADER |
00000nab a2200000ua 4500 |
| 001 |
vtls010785924 |
| 003 |
SK-MaSNL |
| 005 |
20260404162346.0 |
| 008 |
230222s1991 xo |||||||||||||||||eng| |
| 035 |
|
|
|a (urnnbn)urn:nbn:sk:snk:ar-a029ho
|
| 035 |
|
|
|a (uuid)a0133b79-db37-46d7-ad49-cd246b07411a
|
| 035 |
|
|
|a urn:nbn:sk:snk-ab4iea
|
| 040 |
|
|
|a SNKBUCL
|b slo
|c SNKBUCL
|e AACR2
|
| 041 |
0 |
|
|a eng
|
| 044 |
|
|
|a xo
|c SK
|
| 100 |
1 |
|
|a Béládi, Ilona,
|d 1925-2025
|4 aut
|9 1636157
|
| 245 |
1 |
0 |
|a IMPAIRED INTERLEUKIN 2 PRODUCTION BY SPLEEN CELLS FROM MICE INFECTED WITH HUMAN ADENOVIRUS
|c I. Béládi, K. Berencsi, M. Bakay
|
| 700 |
1 |
|
|a Berencsi, K.
|4 aut
|9 927346
|
| 700 |
1 |
|
|a Bakay, M.
|4 aut
|9 927347
|
| 773 |
0 |
|
|t Acta virologica : international journal
|g Roč. 35, č. 4 (1991), s. [350]-356
|
| 958 |
|
|
|a OND
|
| 958 |
|
|
|a EUIPO
|
| 958 |
|
|
|a article3
|
| 999 |
|
|
|c 2022313
|d 2024243
|